000 01422nam a2200349Ia 4500
001 ebr10273051
003 CaPaEBR
006 m u
007 cr cn|||||||||
008 080924s2009 enkab sb 001 0deng d
010 _z 2008041654
020 _z9780195367805
020 _z0195367804
040 _aCaPaEBR
_cCaPaEBR
035 _a(OCoLC)646792671
050 1 4 _aE457.2
_b.G874 2009eb
100 1 _aGuelzo, Allen C.
245 1 0 _aLincoln
_h[electronic resource] :
_ba very short introduction /
_cAllen C. Guelzo.
260 _aOxford ;
_aNew York :
_bOxford University Press,
_cc2009.
300 _a147 p. :
_bill., maps.
490 1 _aVery short introductions ;
_v203
504 _aIncludes bibliographical references (p. 129-141) and index.
533 _aElectronic reproduction.
_bPalo Alto, Calif. :
_cebrary,
_d2011.
_nAvailable via World Wide Web.
_nAccess may be limited to ebrary affiliated libraries.
600 1 0 _aLincoln, Abraham,
_d1809-1865
_xPhilosophy.
600 1 0 _aLincoln, Abraham,
_d1809-1865
_xPolitical and social views.
600 1 0 _aLincoln, Abraham,
_d1809-1865
_xReligion.
650 0 _aPresidents
_zUnited States
_vBiography.
655 7 _aElectronic books.
_2local
710 2 _aebrary, Inc.
830 0 _aVery short introductions ;
_v203.
856 4 0 _uhttp://site.ebrary.com/lib/rucke/Doc?id=10273051
_zAn electronic book accessible through the World Wide Web; click to view
999 _c6731
_d6731